00509nam a22001577a 450000500170000001000140001702000260003103500130005703700280007008200110009824500920010926000450020127000610024630000250030770000190033220180705144227.0 aB-1068632 a9780195662931c675.00 aB-106862 bOxford University Press a639.95 aBattling for survival:bIndia's wilderness over two centuries/cedited by Valmik Thapar aNew DelhibOxford University Pressc2003 aYMCA Library Building, Jai Singh Roadb New Delhie10001 axii, 444p.c22cm(Hb) aThapar, Valmik